00501nam a2200205Ia 450000500170000000800460001702000180006303700100008104000080009104000080009904000080010704100080011504100080012308400080013124500520013926000310019126000090022265000150023185600490024620260306150424.0008 260114s9999 xx 000 0 eng d a9781400862580 aEbook aCRL beng cCRL 2eng aeng qCRL 4aThe Transmission of Knowledge in Medieval Cairo bPrinceton University Press c1992 aPhilosophy uhttps://www.degruyter.com/isbn/9781400862580